| 000 | 01090nam a2200301 a 4500 | ||
|---|---|---|---|
| 001 | 62285 | ||
| 003 | BD-RjUL | ||
| 005 | 20211209081050.0 | ||
| 008 | 170123s1947 cam 000 0 eng | ||
| 020 | _a0815403615 | ||
| 035 | _a(BD-RjUL)62411 | ||
| 040 |
_aDLC _cDLC _dBD-RjUL _beng |
||
| 041 | _aeng | ||
| 082 | 0 | 0 |
_a809.1 _223 _bSAT 1947 |
| 100 | 1 |
_aSantayana, George, _d1863-1952. _9185257 |
|
| 245 | 1 | 0 |
_aThree philosophical poets : _bLucretius, Dante, and Goethe / _cGeorge Santayana, |
| 260 |
_aCambridge : _bHarvard University, _c1947 |
||
| 300 |
_aviii, 215 p. ; _c22 cm. |
||
| 490 | 1 |
_aHarvard studies in comparative literature, _vv. 1 |
|
| 600 | 2 | 0 |
_aLucretius Carus, Titus. _tDe rerum natura. _9185258 |
| 600 | 0 | 0 |
_aDante Alighieri, _d1265-1321 _xPhilosophy. _9185259 |
| 600 | 1 | 0 |
_aGoethe, Johann Wolfgang von, _d1749-1832 _xPhilosophy. _9185260 |
| 650 | 0 |
_aDidactic poetry _xHistory and criticism. _9185261 |
|
| 650 | 0 |
_aPhilosophy in literature. _9185262 |
|
| 830 | 0 |
_aHarvard studies in comparative literature ; _v1. _9185267 |
|
| 942 |
_2ddc _cBK |
||
| 999 |
_c62285 _d62285 |
||